|
|
|
|
| LEADER |
01060nam a2200277 u 4500 |
| 001 |
10031118 |
| 003 |
upatras |
| 005 |
20210117210100.0 |
| 008 |
991103s1997 uk eng |
| 020 |
|
|
|a 0521629934
|
| 040 |
|
|
|a GR-PaULI
|c GR-PaULI
|
| 041 |
0 |
|
|a eng
|
| 082 |
0 |
4 |
|a 530.12
|
| 100 |
1 |
|
|a Landshoff, Peter
|9 154378
|
| 245 |
1 |
0 |
|a Essential quantum physics
|c Peter Landshoff, Allen Metherell, Gareth Rees
|
| 260 |
|
|
|a Cambridge
|b Cambridge University Press
|c 1997
|
| 300 |
|
|
|a x, 204 p.
|b fig.
|c 25 cm.
|
| 504 |
|
|
|a Includes bibliographical references and index
|
| 650 |
|
4 |
|9 7
|a Κβαντική θεωρία πεδίων
|
| 700 |
1 |
|
|a Metherell, Allen
|9 154379
|
| 700 |
1 |
|
|a Rees, Gareth
|9 36783
|
| 852 |
|
|
|a GR-PaULI
|b ΠΑΤΡΑ
|b ΒΚΠ
|b ΒΣ1
|k ΑΣΧΞ
|h 530.12 L
|m 052567
|p 025000073369
|t 1
|
| 942 |
|
|
|2 ddc
|c BK15
|
| 952 |
|
|
|0 0
|1 0
|4 0
|6 530_120000000000000_L
|7 0
|9 200773
|a LISP
|b LISP
|c BSC
|d 2016-04-24
|i 052567
|l 2
|o 530.12 L
|p 025000073369
|r 2017-12-06 00:00:00
|s 2017-11-20
|t 1
|w 2016-04-24
|y BK15
|
| 998 |
|
|
|c ΗΛΙΟΠΟΥΛΟΥ
|d 1999-11
|
| 999 |
|
|
|c 123004
|d 123004
|